| 000 | 01160nam a2200289 4500 | ||
|---|---|---|---|
| 003 | CO-CtgCURN | ||
| 005 | 20250331183859.0 | ||
| 007 | ta | ||
| 008 | 160627s2006 000 0 eng d | ||
| 020 | _a9789586484491 | ||
| 040 |
_aCO-CtgCURN _bspa _ccoctgcurn |
||
| 082 | 0 |
_a001.42 _bC497c |
|
| 100 | 1 | _aCisneros Estupiñán, Mireya. | |
| 245 | 1 | 0 |
_aCómo elaborar trabajos de grado / _cMireya Cisneros Estupiñán. |
| 260 |
_aBogotá : _bEcoe Ediciones, _c2006. |
||
| 300 | _axv, 124 p. | ||
| 336 | _2rdacontent | ||
| 337 |
_2rdamedia _asin mediacion _bn |
||
| 338 |
_2rdacarrier _avolumen _bnc |
||
| 504 | _aBibliografia (p.121-124) | ||
| 505 | 8 | _aQué es un trabajo de grado?.--Cómo empezar un trabajo de grado?.--La Investigación científica.--Obtención y manejo de la información.--Redacción del trabajo de grado.--Estructura de los trabajos de grado.--Sustentación o defensa del trabajo de grado | |
| 650 | 1 | 4 |
_aTesis y disertaciones académicas _vMetodología. |
| 650 | 1 | 4 | _aRedacción de escritos. |
| 908 | _a160627 | ||
| 942 |
_cBK _h001.42 _iC497c _2ddc |
||
| 999 |
_c16223 _d16223 |
||